Islamic Way of Life (Record no. 4916)

MARC details
000 -LEADER
fixed length control field 00616nam a2200253 a 4500
020 ## - INTERNATIONAL STANDARD BOOK NUMBER
ISBN
082 00 - DEWEY DECIMAL CLASSIFICATION NUMBER
Classification number 297.7
Author Cutter MAW3
100 ## - MAIN ENTRY--AUTHOR NAME
Author name Maududi, S Abul A`La
245 ## - TITLE STATEMENT
Title Islamic Way of Life
260 ## - PUBLICATION, DISTRIBUTION, ETC. (IMPRINT)
Place of publication Delhi
Name of publisher Markazi Maktaba Islami
Year of publication 1983
300 ## - PHYSICAL DESCRIPTION
Number of Pages 92p
500 ## - GENERAL NOTE
General note includes index and biblioraphy
505 2# - FORMATTED CONTENTS NOTE
Formatted contents note Appendex, Index
650 ## - SUBJECT ADDED ENTRY--TOPICAL TERM
Topical Term Dawah-Islam
650 ## - SUBJECT ADDED ENTRY--TOPICAL TERM
Topical Term Islam and State
942 ## - ADDED ENTRY ELEMENTS (KOHA)
Koha item type Books
700 1# -
-- Maududi, S Abul A`La
Holdings
Home library Current library Date acquired Cost, normal purchase price Full call number Accession Number Koha item type
Henry Martyn Institute Library Henry Martyn Institute Library 07/12/2007 3.50 297.7 MAW3 09296 E-Books
                   Copyright © 2026 | Henry Martyn Institute | Hyderabad | TS-500052 | INDIA | Implemented by hmi.edu.in
Hit-Count:

Powered by Koha